[Event "Commonwealth-ch"]
[Site "Glasgow"]
[Date "2014.07.02"]
[Round "3"]
[White "Humphries, William"]
[Black "Voges, Rachelle Mari"]
[Result "0-1"]
[WhiteElo "1220"]
[BlackElo "1601"]
[PlyCount "88"]
[EventDate "2014.06.30"]
[EventType "swiss"]
[EventRounds "9"]
[EventCountry "SCO"]
[SourceTitle "CBM 161 Extra"]
[Source "ChessBase"]
[SourceDate "2014.08.29"]
[SourceVersion "1"]
[SourceVersionDate "2014.08.29"]
[SourceQuality "1"]

1. d4 Nf6 2. c4 g6 3. Nf3 Bg7 4. Nc3 0-0 5. e4 d6 6. Bg5 h6 7. Be3 Ng4 8. Qd2 Nxe3 9. Qxe3 Nd7 10. Be2 Kh7 11. 0-0 e5 12. dxe5 Nxe5 13. Nxe5 Bxe5 14. f4 Bg7 15. Rad1 Qe7 16. Qg3 Bxc3 17. Qxc3 Qxe4 18. Bd3 Qc6 19. h3 Be6 20. Rc1 Rae8 21. b3 Qd7 22. Rf3 Bf5 23. Re1 Rxe1+ 24. Qxe1 Re8 25. Qd2 Bxd3 26. Rxd3 Qe6 27. Kf2 Qe4 28. Rd4 Qe6 29. Kf3 Qe1 30. Qxe1 Rxe1 31. Rd2 Kg7 32. a4 f5 33. Rd5 Kf6 34. g4 Rb1 35. Rd3 Rf1+ 36. Kg3 Re1 37. Kf3 Rh1 38. Kg2 Re1 39. Kf3 Ke6 40. Re3+ Rxe3+ 41. Kxe3 fxg4 42. hxg4 h5 43. gxh5 gxh5 44. Ke4 h4 0-1

[Event "Commonwealth-ch"]
[Site "Glasgow"]
[Date "2014.06.30"]
[Round "1"]
[White "Humphries, William"]
[Black "Marks, Ian Alexander"]
[Result "0-1"]
[WhiteElo "1220"]
[BlackElo "1978"]
[PlyCount "104"]
[EventDate "2014.06.30"]
[EventType "swiss"]
[EventRounds "9"]
[EventCountry "SCO"]
[SourceTitle "CBM 161 Extra"]
[Source "ChessBase"]
[SourceDate "2014.08.29"]
[SourceVersion "1"]
[SourceVersionDate "2014.08.29"]
[SourceQuality "1"]

1. d4 Nf6 2. c4 e6 3. Nf3 Bb4+ 4. Bd2 Qe7 5. a3 Bxd2+ 6. Nbxd2 d5 7. e3 0-0 8. Bd3 Nbd7 9. 0-0 c6 10. Re1 b6 11. b4 Bb7 12. e4 dxe4 13. Nxe4 Nxe4 14. Bxe4 Nf6 15. Qc2 Nxe4 16. Qxe4 c5 17. Qh4 Qxh4 18. Nxh4 cxd4 19. f4 Rac8 20. Rac1 Rfd8 21. Red1 f6 22. Re1 Kf7 23. Kf2 Rc7 24. Nf3 Bxf3 25. Kxf3 Re8 26. Ke4 e5 27. Kd3 exf4 28. Rxe8 Kxe8 29. Kxd4 Re7 30. c5 Kd7 31. c6+ Kc7 32. b5 Re5 33. a4 g5 34. Rc2 h5 35. Rf2 a6 36. Rb2 axb5 37. axb5 Rc5 38. Ke4 f5+ 39. Kf3 Rc3+ 40. Kf2 g4 41. g3 fxg3+ 42. hxg3 Rc5 43. Rb3 Rc2+ 44. Kg1 Kd6 45. Rd3+ Ke5 46. Rd7 Rc5 47. c7 Ke6 48. Rh7 Kd6 49. Kf2 Rxc7 50. Rxc7 Kxc7 51. Ke3 Kd6 52. Kf4 Kc5 0-1